[Event "Open Portugal 2019"]
[Site "Lisboa POR"]
[Date "2019.02.03"]
[Round "3.30"]
[White "Martín Duque, Jesus"]
[Black "Hill, Alistair"]
[Result "1-0"]
[WhiteElo "2393"]
[BlackElo "2152"]
[WhiteFideId "2208954"]
[BlackFideId "432407"]
[WhiteTitle "FM"]
[WhiteCountry "ESP"]
[BlackCountry "ENG"]
[PlyCount "91"]
[EventDate "2019.??.??"]

1. e4 c5 2. Nf3 Nc6 3. d4 cxd4 4. Nxd4 Nf6 5. Nc3 e5 6. Ndb5 d6 7. Bg5 a6 8. Na3
b5 9. Bxf6 gxf6 10. Nd5 f5 11. Bd3 Be6 12. c3 Bg7 13. O-O Bxd5 14. exd5 Ne7 15.
Re1 O-O 16. Nc2 e4 17. Bf1 Ng6 18. Qh5 Qd7 19. g3 Rfe8 20. Bh3 Re5 21. Ne3 Ne7
22. a4 h6 23. axb5 Qxb5 24. Qe2 Qc5 25. Rxa6 Rxa6 26. Qxa6 Nxd5 27. Qa8+ Bf8 28.
Nxf5 e3 29. f4 Rxf5 30. Bxf5 e2+ 31. Kg2 Ne3+ 32. Kh1 Qxf5 33. Qf3 Nc4 34. Rxe2
d5 35. Kg2 Bg7 36. g4 Qd7 37. h3 Qb5 38. Qd3 Qc6 39. Kh2 Nb6 40. Qf5 Qb5 41. Rg2
Qf1 42. g5 Nc4 43. Qc8+ Kh7 44. Qg4 hxg5 45. Qxg5 Bf8 46. Qg8+ 1-0

[Event "Open Portugal 2019"]
[Site "Lisboa POR"]
[Date "2019.02.03"]
[Round "3.31"]
[White "Low, Zhen Yu Cyrus"]
[Black "Pirola, Claudionor"]
[Result "1-0"]
[WhiteElo "2377"]
[BlackElo "2113"]
[WhiteFideId "5804175"]
[BlackFideId "2130556"]
[WhiteTitle "IM"]
[WhiteCountry "SGP"]
[BlackCountry "BRA"]
[PlyCount "56"]
[EventDate "2019.??.??"]

1. e4 e5 2. Nf3 Nc6 3. Bc4 Nf6 4. Ng5 d5 5. exd5 Na5 6. Bb5+ c6 7. dxc6 bxc6 8.
Bd3 Nd5 9. Nf3 Nf4 10. O-O Nxd3 11. cxd3 Bd6 12. Re1 O-O 13. Nc3 c5 14. b3 f6
15. Ne4 Ba6 16. Ba3 Nb7 17. Qc2 Rc8 18. Rac1 Qb6 19. b4 cxb4 20. Qb3+ Kh8 21.
Nxd6 Nxd6 22. Qxb4 Qxb4 23. Bxb4 Rfd8 24. Rxc8 Nxc8 25. d4 exd4 26. Nxd4 Kg8 27.
Nc6 Rd7 28. Nb8 Rc7 1-0

[Event "Open Portugal 2019"]
[Site "Lisboa POR"]
[Date "2019.02.03"]
[Round "3.32"]
[White "Tryggestad, Andreas Garberg"]
[Black "Leão, Tiago"]
[Result "1/2-1/2"]
[WhiteElo "2351"]
[BlackElo "2084"]
[WhiteFideId "1513338"]
[BlackFideId "1925563"]
[WhiteTitle "FM"]
[WhiteCountry "NOR"]
[BlackCountry "POR"]
[PlyCount "86"]
[EventDate "2019.??.??"]

1. d4 Nf6 2. c4 e6 3. Nf3 d5 4. Nc3 c6 5. g3 Bd6 6. Bg2 O-O 7. O-O Nbd7 8. Qd3
h6 9. b3 Qe7 10. e4 dxe4 11. Nxe4 e5 12. dxe5 Bxe5 13. Nxe5 Nxe5 14. Qd6 Qxd6
15. Nxd6 Rd8 16. Nxc8 Raxc8 17. Be3 Nfg4 18. Bxa7 Ra8 19. Bb6 Rd2 20. h3 Nd7 21.
Bc7 Ngf6 22. a4 Nc5 23. b4 Ne6 24. Bb6 Rc2 25. c5 Nd4 26. Rfd1 Ne2+ 27. Kf1 Nc3
28. Rdc1 Rxa4 29. Bf3 Rxa1 30. Rxa1 Nfe4 31. Ra8+ Kh7 32. Bxe4+ Nxe4 33. Rb8
Rxf2+ 34. Ke1 Rf6 35. Rxb7 Nxg3 36. Bd8 Re6+ 37. Kf2 Ne4+ 38. Kf3 Kg6 39. Rd7
Nc3 40. Rd2 Kf5 41. Rd7 Kg6 42. Rd2 Kf5 43. Rd7 Kg6 1/2-1/2

[Event "Open Portugal 2019"]
[Site "Lisboa POR"]
[Date "2019.02.03"]
[Round "3.33"]
[White "Aguera Naredo, Javier"]
[Black "Harshal, Shahi"]
[Result "1-0"]
[WhiteElo "2346"]
[BlackElo "2064"]
[WhiteFideId "2204169"]
[BlackFideId "5048257"]
[WhiteTitle "FM"]
[BlackTitle "FM"]
[WhiteCountry "ESP"]
[BlackCountry "IND"]
[PlyCount "97"]
[EventDate "2019.??.??"]

1. e4 c5 2. Nf3 Nc6 3. d4 cxd4 4. Nxd4 e6 5. Nc3 Qc7 6. g3 Nf6 7. Ndb5 Qb8 8.
Bf4 e5 9. Bg5 a6 10. Bxf6 axb5 11. Bg5 b4 12. Nd5 Bc5 13. Bc4 b5 14. Bxb5 h6 15.
Be3 Bxe3 16. fxe3 O-O 17. Qe2 Kh7 18. O-O Ra5 19. Bc4 Qa7 20. c3 bxc3 21. Nxc3
Ba6 22. Bxa6 Rxa6 23. Rad1 Rb6 24. b3 f6 25. Nb5 Qa6 26. Rxd7 Qxb5 27. Qg4 Rg8
28. Rxf6 Ne7 29. Rxb6 Qxb6 30. Rxe7 Qxe3+ 31. Kg2 Qd2+ 32. Kh3 Qxa2 33. Qf5+ Kh8
34. Rxe5 Qxb3 35. Re7 Qb8 36. e5 Re8 37. Rf7 Kg8 38. e6 Qc8 39. Rd7 Kh8 40. Qg6
Rg8 41. Rf7 Qc6 42. Qf5 Qc3 43. e7 Qe3 44. Qd7 Qe5 45. Rf5 Qe2 46. Qd6 g6 47.
Qf6+ Kh7 48. Re5 Qc4 49. e8=Q 1-0

[Event "Open Portugal 2019"]
[Site "Lisboa POR"]
[Date "2019.02.03"]
[Round "3.34"]
[White "Bartel, Michal"]
[Black "Darnell, Anton"]
[Result "1-0"]
[WhiteElo "2306"]
[BlackElo "2039"]
[WhiteFideId "1119257"]
[BlackFideId "1720244"]
[WhiteTitle "FM"]
[WhiteCountry "POL"]
[BlackCountry "SWE"]
[PlyCount "73"]
[EventDate "2019.??.??"]

1. e4 e6 2. d4 d5 3. Nc3 Bb4 4. e5 b6 5. Qg4 Bf8 6. f4 Qd7 7. Nf3 Ne7 8. Ne2 Ba6
9. Ng3 Bxf1 10. Rxf1 g6 11. Qh4 Nf5 12. Nxf5 gxf5 13. Be3 Nc6 14. O-O-O Ne7 15.
Qh5 Ng6 16. h3 O-O-O 17. g4 Be7 18. Rg1 f6 19. Kb1 Kb7 20. Rd2 Rdf8 21. gxf5
exf5 22. Rc1 c5 23. c4 fxe5 24. fxe5 f4 25. Bf2 dxc4 26. d5 Rf5 27. Qg4 Rhf8 28.
Re1 Bd8 29. h4 Nh8 30. e6 Qd6 31. Qg7+ Be7 32. Qxh7 Kb8 33. Red1 b5 34. Bxc5
Qxc5 35. d6 Bxd6 36. Rxd6 Rh5 37. Rd8+ 1-0

[Event "Open Portugal 2019"]
[Site "Lisboa POR"]
[Date "2019.02.03"]
[Round "3.35"]
[White "Fernandes, Alberto"]
[Black "Chylewski, Patryk"]
[Result "0-1"]
[WhiteElo "2072"]
[BlackElo "2304"]
[WhiteFideId "1900277"]
[BlackFideId "1186191"]
[WhiteTitle "NM"]
[BlackTitle "FM"]
[WhiteCountry "POR"]
[BlackCountry "POL"]
[PlyCount "86"]
[EventDate "2019.??.??"]

1. b3 d5 2. Bb2 Bg4 3. h3 Bh5 4. g3 c6 5. Bg2 Nd7 6. Nf3 Ngf6 7. O-O Qc7 8. d4
e6 9. Nbd2 a5 10. a4 Bb4 11. c4 O-O 12. Rc1 Rfe8 13. Ne5 Nxe5 14. dxe5 Nd7 15.
f4 Qb6+ 16. Kh2 Bg6 17. Nf3 Be4 18. Ng5 Bxg2 19. Kxg2 h6 20. Nf3 Rad8 21. Qc2
Bc5 22. Rcd1 Be7 23. Nd4 dxc4 24. Qxc4 Qc5 25. Qxc5 Bxc5 26. Kf3 Bb4 27. Rc1 Nc5
28. Rfd1 Rd5 29. Bc3 Red8 30. Bxb4 axb4 31. Re1 Nd3 32. exd3 Rxd4 33. Rc4 Rxd3+
34. Re3 R8d4 35. Rc2 Rd1 36. h4 h5 37. Ke2 Rh1 38. Rc5 Rh2+ 39. Kf3 Rhd2 40. Rc1
Kh7 41. Re4 R4d3+ 42. Re3 Rxe3+ 43. Kxe3 Rb2 0-1

[Event "Open Portugal 2019"]
[Site "Lisboa POR"]
[Date "2019.02.03"]
[Round "3.36"]
[White "Chingüün, Sumiya"]
[Black "Soares, Luís"]
[Result "1-0"]
[WhiteElo "2286"]
[BlackElo "2036"]
[WhiteFideId "4902572"]
[BlackFideId "1904124"]
[WhiteCountry "MGL"]
[BlackCountry "POR"]
[PlyCount "93"]
[EventDate "2019.??.??"]

1. e4 c5 2. Nf3 Nc6 3. d4 cxd4 4. Nxd4 e5 5. Nb5 d6 6. N1c3 a6 7. Na3 b5 8. Nd5
Nge7 9. c4 Nd4 10. Be3 Nxd5 11. cxd5 Be7 12. Bxd4 exd4 13. Nc2 Bf6 14. Bd3 O-O
15. O-O Qb6 16. f4 g6 17. Qe2 Bd7 18. Ne1 Rac8 19. Kh1 h5 20. h3 Rfe8 21. Qf3
Rf8 22. Qg3 Qd8 23. Nf3 b4 24. e5 Bg7 25. e6 fxe6 26. Qxg6 Rf6 27. Qh7+ Kf8 28.
dxe6 Bxe6 29. Ng5 Bc4 30. Bxc4 Rxc4 31. Qxh5 Rc5 32. Nh7+ Kg8 33. Nxf6+ Qxf6 34.
Qe8+ Kh7 35. Qe4+ Kh8 36. Rad1 a5 37. Qd3 Rf5 38. Rc1 Rxf4 39. Rc8+ Bf8 40. Rxf4
Qxf4 41. Qf3 Qxf3 42. gxf3 Kg8 43. Kg2 Kf7 44. Kf2 Bh6 45. Ke2 Ke6 46. Kd3 Be3
47. Ra8 1-0

[Event "Open Portugal 2019"]
[Site "Lisboa POR"]
[Date "2019.02.03"]
[Round "3.38"]
[White "Pacan-Milej, Kosma"]
[Black "Costa, Fábio"]
[Result "1-0"]
[WhiteElo "2273"]
[BlackElo "1279"]
[WhiteFideId "21800537"]
[BlackFideId "1961063"]
[WhiteTitle "FM"]
[WhiteCountry "POL"]
[BlackCountry "POR"]
[PlyCount "49"]
[EventDate "2019.??.??"]

1. d4 Nf6 2. c4 e6 3. Nf3 Bb4+ 4. Bd2 Be7 5. Nc3 d5 6. Qc2 O-O 7. e3 Nbd7 8. Bd3
dxc4 9. Bxc4 b6 10. O-O Bb7 11. e4 c5 12. d5 exd5 13. exd5 Bd6 14. Rfe1 a6 15.
a4 Qc7 16. Qf5 Rfe8 17. Bg5 Bc8 18. Qd3 Rxe1+ 19. Rxe1 g6 20. Bh4 Ne5 21. Nxe5
Bxe5 22. d6 Bxd6 23. Bxf6 Bxh2+ 24. Kh1 Bf5 25. Qd5 1-0

[Event "Open Portugal 2019"]
[Site "Lisboa POR"]
[Date "2019.02.03"]
[Round "3.39"]
[White "Romano, João"]
[Black "Sande Edreira, José"]
[Result "1/2-1/2"]
[WhiteElo "2052"]
[BlackElo "2244"]
[WhiteFideId "1938541"]
[BlackFideId "2204487"]
[BlackTitle "FM"]
[WhiteCountry "POR"]
[BlackCountry "ESP"]
[PlyCount "123"]
[EventDate "2019.??.??"]

1. d4 Nf6 2. g3 g6 3. Bg2 Bg7 4. e4 d6 5. Nc3 O-O 6. Nge2 c5 7. dxc5 dxc5 8.
Qxd8 Rxd8 9. e5 Ne8 10. f4 f6 11. exf6 exf6 12. Bd2 Nd6 13. O-O-O Na6 14. Bd5+
Kf8 15. Be3 Bg4 16. Bf2 Rac8 17. h3 Bd7 18. Bg2 Bc6 19. Bxc6 Rxc6 20. Nb5 f5 21.
Nec3 Bxc3 22. Nxc3 Re8 23. Rhe1 Rxe1 24. Rxe1 Nc7 25. Re5 b6 26. g4 Nf7 27. Re2
fxg4 28. hxg4 Nh6 29. g5 Nf5 30. Be1 Re6 31. Rxe6 Nxe6 32. Nd5 Kf7 33. Bc3 Ne7
34. Nf6 Nxf4 35. Kd2 Ned5 36. Nxh7 Nh5 37. Be5 Kg8 38. c4 Nb4 39. a3 Nc6 40.
Nf6+ Nxf6 41. Bxf6 Kf7 42. Kc3 Ke6 43. b4 Kd6 44. Bg7 Nd8 45. Bf8+ Kc6 46. bxc5
bxc5 47. Kd3 Nf7 48. Be7 Ne5+ 49. Kc3 a6 50. Bf6 Kd6 51. Bg7 Nd7 52. Kd3 a5 53.
a4 Ke6 54. Kc2 Ne5 55. Bf8 Nxc4 56. Bxc5 Kd5 57. Be7 Nb6 58. Kb3 Nc4 59. Bd8 Kd4
60. Bf6+ Kd5 61. Bd8 Kd4 62. Bf6+ 1/2-1/2

[Event "Open Portugal 2019"]
[Site "Lisboa POR"]
[Date "2019.02.03"]
[Round "3.40"]
[White "Gentes Benito, Ángel"]
[Black "Krishna Teja, N."]
[Result "0-1"]
[WhiteElo "1907"]
[BlackElo "2391"]
[WhiteFideId "2225549"]
[BlackFideId "5001498"]
[BlackTitle "IM"]
[WhiteCountry "ESP"]
[BlackCountry "IND"]
[PlyCount "74"]

1. e4 c6 2. d4 d5 3. e5 Bf5 4. Nf3 e6 5. Be2 c5 6. O-O Nc6 7. c3 cxd4 8. Nxd4
Nxd4 9. Qxd4 Ne7 10. Bg5 Qd7 11. Nd2 Nc6 12. Qe3 h6 13. Bh4 g5 14. Bg3 h5 15. h4
gxh4 16. Bxh4 Be7 17. Nf3 Bg4 18. Bf6 Bxf6 19. exf6 Bxf3 20. Bxf3 O-O-O 21. b4
Qc7 22. Rfe1 Kb8 23. a4 h4 24. a5 Rdg8 25. Re2 Rg6 26. Rb1 Rhg8 27. b5 Nxa5 28.
Ra2 Nc4 29. Qxa7+ Kc8 30. Qd4 Kd7 31. Re1 Rg5 32. Rae2 h3 33. g3 Rxg3+ 34. fxg3
Qxg3+ 35. Bg2 Qf3 36. Rf2 Rxg2+ 37. Kf1 h2 0-1

[Event "Open Portugal 2019"]
[Site "Lisboa POR"]
[Date "2019.02.03"]
[Round "3.41"]
[White "Christiansen, Johan-Sebastian"]
[Black "Thibault, Pierre-Olivier"]
[Result "1-0"]
[WhiteElo "2559"]
[BlackElo "1994"]
[WhiteFideId "1512668"]
[BlackFideId "20606184"]
[WhiteTitle "GM"]
[WhiteCountry "NOR"]
[BlackCountry "FRA"]
[PlyCount "133"]
[EventDate "2019.02.02"]

1. Nf3 d6 2. e4 Nf6 3. Nc3 e5 4. d4 Nbd7 5. g4 h6 6. Rg1 Be7 7. Be3 g6 8. h3 a6
9. a4 c6 10. Qd2 exd4 11. Bxd4 Qc7 12. g5 hxg5 13. Nxg5 Rh4 14. f4 Nh7 15. Nf3
Rh5 16. Bf2 Nc5 17. b4 Ne6 18. Ne2 Nf6 19. Ng3 d5 20. e5 Ne4 21. Nxe4 dxe4 22.
Nh2 Bd7 23. c3 c5 24. Ng4 O-O-O 25. Be3 Bc6 26. Qb2 Ng7 27. b5 axb5 28. axb5 Bd5
29. Ra8+ Kd7 30. b6 Qc6 31. Bb5 Rxa8 32. Bxc6+ Kxc6 33. c4 Bxc4 34. e6 Nf5 35.
Ne5+ Kd5 36. Nxc4 Rxh3 37. Kf2 Rh2+ 38. Rg2 Rxg2+ 39. Kxg2 Kxc4 40. Qc2+ Kd5 41.
Qb3+ c4 42. Qb5+ Kxe6 43. Qxc4+ Kd7 44. Qc7+ Ke8 45. Bc5 Ra2+ 46. Kh3 Rc2 47.
Qb8+ Bd8 48. Bb4 Rc6 49. Qe5+ Kd7 50. Qd5+ Kc8 51. Qxf7 Rxb6 52. Qc4+ Bc7 53.
Qxe4 Bd6 54. Qe8+ Kc7 55. Ba5 Ne7 56. Qb5 Nc8 57. Kg4 Be7 58. Qe8 Bc5 59. Qxg6
Nd6 60. f5 Kd7 61. Qe6+ Kc6 62. Bxb6 Bxb6 63. f6 Bd4 64. f7 Bg7 65. Qg6 Bf8 66.
Qg8 Be7 67. Qe8+ 1-0

[Event "Open Portugal 2019"]
[Site "Lisboa POR"]
[Date "2019.02.03"]
[Round "3.42"]
[White "Srinath, Rao S. V."]
[Black "Myrheim, Håkon"]
[Result "1-0"]
[WhiteElo "2437"]
[BlackElo "1993"]
[WhiteFideId "5028876"]
[BlackFideId "1526820"]
[WhiteTitle "FM"]
[WhiteCountry "IND"]
[BlackCountry "NOR"]
[PlyCount "129"]
[EventDate "2019.02.02"]

1. e4 c5 2. c3 Nf6 3. e5 Nd5 4. d4 cxd4 5. Nf3 Nc6 6. cxd4 d6 7. Bc4 Nb6 8. Bb3
dxe5 9. d5 Na5 10. Nc3 Nxb3 11. Qxb3 e6 12. Nxe5 exd5 13. Be3 Bd6 14. Qb5+ Bd7
15. Nxd7 Qxd7 16. Bxb6 axb6 17. O-O-O Qxb5 18. Nxb5 Bf4+ 19. Kb1 O-O-O 20. g3
Bg5 21. Rhe1 Rd7 22. Re5 Bf6 23. Rexd5 Rxd5 24. Rxd5 Rd8 25. Rxd8+ Kxd8 26. Kc2
Kd7 27. b4 Kc6 28. a4 Be7 29. Kc3 Kd5 30. f3 h5 31. Na3 h4 32. Nc4 hxg3 33. hxg3
Bf6+ 34. Kd3 Bd4 35. g4 Bf2 36. f4 f6 37. f5 Be1 38. Nxb6+ Kc6 39. Nc4 Bxb4 40.
Ne3 Bc5 41. Ng2 Bd6 42. Kc4 Bc7 43. Ne3 Bf4 44. Nd5 Bd6 45. Nc3 Be5 46. Ne4 b6
47. Nf2 Bf4 48. Nd3 Bc7 49. Nb4+ Kd7 50. Nd5 Bd8 51. Kd4 Kc6 52. Nf4 Bc7 53. Ne6
Bg3 54. Nxg7 Kd6 55. Nh5 Be5+ 56. Kc4 Bb2 57. Nf4 Bc1 58. Nd5 Ke5 59. Nxb6 Bd2
60. Nd7+ Kf4 61. Nxf6 Ba5 62. Kd5 Kg5 63. Ke6 Bd8 64. Nd5 Kxg4 65. f6 1-0

[Event "Open Portugal 2019"]
[Site "Lisboa POR"]
[Date "2019.02.03"]
[Round "3.43"]
[White "Miedema, David"]
[Black "Rionda Medio, Ángel"]
[Result "1-0"]
[WhiteElo "2356"]
[BlackElo "1992"]
[WhiteFideId "1018477"]
[BlackFideId "2238934"]
[WhiteTitle "IM"]
[WhiteCountry "NED"]
[BlackCountry "ESP"]
[PlyCount "95"]
[EventDate "2019.02.02"]

1. e4 e6 2. d4 d5 3. Nc3 Bb4 4. e5 c5 5. a3 Bxc3+ 6. bxc3 Qa5 7. Bd2 Qa4 8. Qg4
g6 9. h4 h5 10. Qd1 Nc6 11. Nf3 Nge7 12. Qb1 a6 13. Qb3 Qxb3 14. cxb3 b6 15. Bd3
Bb7 16. b4 cxd4 17. cxd4 O-O 18. a4 Rfc8 19. Ke2 Kg7 20. b5 Na5 21. Bxa5 bxa5
22. Kd2 axb5 23. axb5 Rc7 24. Rhc1 Rxc1 25. Rxc1 Rc8 26. Rc5 Kf8 27. Kc3 Ra8 28.
Rc7 Rc8 29. Rxc8+ Nxc8 30. Nd2 Nb6 31. Nb3 Nc4 32. Bxc4 dxc4 33. Nxa5 Bxg2 34.
b6 g5 35. b7 Bxb7 36. Nxb7 gxh4 37. Nd6 h3 38. Ne4 h4 39. f4 h2 40. Nf2 Kg7 41.
Kxc4 Kg6 42. Kd3 f6 43. Ke4 f5+ 44. Kf3 Kf7 45. Kg2 Ke7 46. Kxh2 Kd7 47. Nd1 Kc6
48. Ne3 1-0

[Event "Open Portugal 2019"]
[Site "Lisboa POR"]
[Date "2019.02.03"]
[Round "3.44"]
[White "Cavaleiro, Daniel"]
[Black "Plichta, Kamil"]
[Result "0-1"]
[WhiteElo "2001"]
[BlackElo "2347"]
[WhiteFideId "1904663"]
[BlackFideId "1141830"]
[BlackTitle "FM"]
[WhiteCountry "POR"]
[BlackCountry "POL"]
[PlyCount "132"]
[EventDate "2019.02.02"]

1. d4 Nf6 2. c4 g6 3. Nc3 Bg7 4. e4 d6 5. Nf3 O-O 6. Be2 e5 7. O-O exd4 8. Nxd4
Re8 9. f3 c6 10. Nc2 Na6 11. Be3 d5 12. cxd5 cxd5 13. Bb5 Bd7 14. Bxa6 bxa6 15.
Nxd5 Nxd5 16. Qxd5 Be6 17. Qxd8 Rexd8 18. Nb4 a5 19. Nc6 Rd3 20. Bf2 a4 21. e5
Rd2 22. b3 axb3 23. axb3 Bxb3 24. Rxa7 Rxa7 25. Bxa7 Ba4 26. Rb1 h5 27. Rc1 h4
28. Be3 Re2 29. Bf4 Rb2 30. Ne7+ Kh7 31. Nd5 h3 32. gxh3 Bd7 33. Nf6+ Bxf6 34.
exf6 Bxh3 35. Bg3 g5 36. f4 g4 37. f5 Rg2+ 38. Kh1 Ra2 39. Kg1 Ra5 40. Kf2 Rxf5+
41. Ke3 Rxf6 42. Rc4 Rf3+ 43. Kd4 Kg6 44. Rc6+ f6 45. Rb6 Rf1 46. Ke3 Kg5 47.
Rb5+ f5 48. Rb8 Rf3+ 49. Ke2 Bf1+ 50. Ke1 Bc4 51. Rb4 Bd3 52. Rd4 Bc2 53. Rc4
Bb3 54. Rb4 Bf7 55. Rb5 Rd3 56. Ra5 Bd5 57. Ke2 Bc4 58. Ke1 Rd4 59. Rc5 Bd5 60.
Bf2 Re4+ 61. Kd2 Be6 62. Bg3 Kf6 63. Kd3 Ra4 64. Be5+ Ke7 65. Ke3 Bd7 66. Rc7
Re4+ 0-1

[Event "Open Portugal 2019"]
[Site "Lisboa POR"]
[Date "2019.02.03"]
[Round "3.45"]
[White "Sismeiro, Miguel"]
[Black "Gu, Xiaobing"]
[Result "1/2-1/2"]
[WhiteElo "1997"]
[BlackElo "2326"]
[WhiteFideId "1950975"]
[BlackFideId "8602611"]
[BlackTitle "WGM"]
[WhiteCountry "POR"]
[BlackCountry "CHN"]
[PlyCount "129"]
[EventDate "2019.02.02"]

1. e4 c5 2. Nf3 d6 3. d4 cxd4 4. Nxd4 Nf6 5. Nc3 a6 6. Be3 e5 7. Nb3 Be6 8. f3
h5 9. Qd2 Nbd7 10. O-O-O Be7 11. h3 h4 12. f4 b5 13. Kb1 b4 14. Nd5 Nxe4 15.
Qxb4 Bxd5 16. Rxd5 Ng3 17. Rg1 Nf6 18. Qa4+ Kf8 19. Rd1 Qc7 20. Qc4 Qxc4 21.
Bxc4 Nf5 22. Bc1 e4 23. Rge1 Rh5 24. Be2 Rh7 25. Bc4 Rh6 26. Bd5 Nxd5 27. Rxd5
Ng3 28. f5 Rh5 29. Bf4 Rxf5 30. Rxf5 Nxf5 31. Rxe4 g5 32. Bh2 Rc8 33. c3 Ng7 34.
Ra4 Rc6 35. Nd4 Rb6 36. Bg1 d5 37. Ra5 Rd6 38. Bf2 Rf6 39. Nf3 Nf5 40. Bg1 Rd6
41. Bc5 Re6 42. Bxe7+ Nxe7 43. Nxg5 Re1+ 44. Kc2 Re2+ 45. Kb3 Rxg2 46. Nf3 Rg3
47. Nxh4 Rxh3 48. Ng2 Rh6 49. Nf4 Rd6 50. Nd3 f5 51. Nc5 f4 52. Ra4 Ng6 53. Kc2
f3 54. Kd1 Rc6 55. Nd3 Re6 56. Nf4 Rf6 57. Nxg6+ Rxg6 58. Rf4+ Ke7 59. Rxf3 Rg2
60. Kc1 Rg6 61. Kc2 Kd6 62. Rf5 Rg8 63. b4 Rg4 64. Kb3 d4 65. cxd4 1/2-1/2

[Event "Open Portugal 2019"]
[Site "Lisboa POR"]
[Date "2019.02.03"]
[Round "3.46"]
[White "Kocian, Miroslav"]
[Black "Bubalovic, Davorin"]
[Result "1/2-1/2"]
[WhiteElo "1992"]
[BlackElo "2249"]
[WhiteFideId "303577"]
[BlackFideId "14500515"]
[BlackTitle "FM"]
[WhiteCountry "CZE"]
[BlackCountry "CRO"]
[PlyCount "150"]
[EventDate "2019.02.02"]

1. e4 c5 2. Nf3 e6 3. d4 cxd4 4. Nxd4 a6 5. Nc3 Qc7 6. Bd3 Bc5 7. Nb3 Be7 8. Be3
d6 9. O-O Nf6 10. f4 Nbd7 11. g4 h6 12. Qf3 g5 13. h3 gxf4 14. Qxf4 Ne5 15. a4
Nfd7 16. Bd4 b6 17. Nd2 Bg5 18. Qf2 Bxd2 19. Qxd2 Bb7 20. Qf2 O-O-O 21. a5 bxa5
22. Na4 f5 23. gxf5 Rhg8+ 24. Kh1 Rdf8 25. Qe2 exf5 26. Ra3 Nc5 27. Nxc5 dxc5
28. Bxc5 Nxd3 29. cxd3 Rf7 30. Rc3 Bc6 31. Bg1 Kb7 32. Qe3 Ka8 33. Qxh6 Kb7 34.
Rb3+ Bb5 35. Rc3 Qd7 36. Bh2 Rc8 37. Rxc8 Qxc8 38. Rc1 Qe8 39. Qd6 Rd7 40. Rc7+
Rxc7 41. Qxc7+ Ka8 42. Bg1 Qd7 43. Qxd7 Bxd7 44. Kg2 Kb7 45. Kg3 Kc6 46. h4 fxe4
47. dxe4 Kd6 48. Kf4 Ke6 49. Bd4 Be8 50. Kg5 Bc6 51. Kf4 Be8 52. b3 a4 53. bxa4
Bxa4 54. h5 Be8 55. Kg5 Bc6 56. e5 Be4 57. Bc3 Bc2 58. Kh6 Kf7 59. Kg5 Ke6 60.
Kf4 Bh7 61. Ke3 Kd5 62. Kd2 Ke6 63. Kc1 Kf5 64. h6 Kg5 65. Bd2+ Kf5 66. Bf4 Ke6
67. Kb2 Kd5 68. Kb3 Bd3 69. Kb4 Bg6 70. Ka5 Bd3 71. Kb6 Ke6 72. Kc5 Bh7 73. Kc6
Be4+ 74. Kc5 Bh7 75. Kd4 Bg6 1/2-1/2

[Event "Open Portugal 2019"]
[Site "Lisboa POR"]
[Date "2019.02.03"]
[Round "3.47"]
[White "Fidalgo, Daniel"]
[Black "Ranaldi, Lucas"]
[Result "1-0"]
[WhiteElo "1981"]
[BlackElo "2229"]
[WhiteFideId "1934279"]
[BlackFideId "1519484"]
[BlackTitle "FM"]
[WhiteCountry "POR"]
[BlackCountry "NOR"]
[PlyCount "127"]
[EventDate "2019.02.02"]

1. c4 c5 2. g3 Nc6 3. Bg2 g6 4. Nc3 Bg7 5. e4 e6 6. Nge2 d6 7. O-O Nge7 8. d3
O-O 9. Be3 Nd4 10. Qd2 Rb8 11. Bh6 Nec6 12. Bxg7 Kxg7 13. f4 a6 14. Nxd4 Nxd4
15. Rae1 e5 16. Nd5 f6 17. Rf2 Be6 18. Ne3 b5 19. f5 Bd7 20. h4 h6 21. fxg6 Kxg6
22. Ref1 Be6 23. Bf3 Qd7 24. b3 b4 25. g4 Qe7 26. Nf5 Bxf5 27. exf5+ Kh7 28. Bd5
Qg7 29. Rg2 Kh8 30. g5 fxg5 31. hxg5 Rxf5 32. Rxf5 Nxf5 33. gxh6 Qf6 34. Qg5 Rf8
35. Be4 Qxg5 36. Rxg5 Nxh6 37. Bd5 Rf4 38. Be6 Kh7 39. Kg2 a5 40. Rg3 Rf6 41.
Bd5 Nf7 42. Bxf7 Rxf7 43. Rh3+ Kg7 44. Rg3+ Kf6 45. Rf3+ Ke6 46. Rxf7 Kxf7 47.
Kf3 Kf6 48. Ke3 Kf5 49. Kf3 Kf6 50. Ke4 Ke7 51. Kf3 Kd7 52. Ke3 Ke7 53. Kf3 Kf7
54. Ke3 Kf6 55. Ke2 Kg5 56. Ke3 Kg4 57. Ke4 Kg5 58. Kd5 Kf4 59. Kxd6 Ke3 60.
Kxe5 Kxd3 61. Kd5 Kc3 62. Kxc5 Kb2 63. Kb5 Kxa2 64. Ka4 1-0

[Event "Open Portugal 2019"]
[Site "Lisboa POR"]
[Date "2019.02.03"]
[Round "3.48"]
[White "Mendes, Modeste"]
[Black "Korneev Leskova, Svyatoslav"]
[Result "0-1"]
[WhiteElo "1981"]
[BlackElo "2223"]
[WhiteFideId "1925920"]
[BlackFideId "22267565"]
[WhiteCountry "POR"]
[BlackCountry "ESP"]
[PlyCount "66"]
[EventDate "2019.02.02"]

1. d4 e6 2. Nf3 f5 3. c4 Nf6 4. Nc3 d5 5. e3 c6 6. cxd5 exd5 7. Bd3 Bd6 8. Qc2
Ne4 9. Ne5 Nd7 10. Nxd7 Bxd7 11. g3 O-O 12. Qb3 Qe7 13. O-O b5 14. Kg2 b4 15.
Ne2 a5 16. a4 g5 17. f3 Qe6 18. Ng1 Nf6 19. Bd2 g4 20. Rae1 gxf3+ 21. Rxf3 Ne4
22. Bc1 Kh8 23. Nh3 Rg8 24. Ref1 f4 25. Nxf4 Bxf4 26. exf4 Qh3+ 27. Kg1 Nxg3 28.
Rxg3 Rxg3+ 29. hxg3 Qxg3+ 30. Kh1 Qh3+ 31. Kg1 Rg8+ 32. Kf2 Rg2+ 33. Ke1 Qg3+
0-1

[Event "Open Portugal 2019"]
[Site "Lisboa POR"]
[Date "2019.02.03"]
[Round "3.49"]
[White "Taranin, Konstantin"]
[Black "Cholleti, Sahajasri"]
[Result "0-1"]
[WhiteElo "1976"]
[BlackElo "2215"]
[WhiteFideId "24109002"]
[BlackFideId "5045118"]
[BlackTitle "WFM"]
[WhiteCountry "RUS"]
[BlackCountry "IND"]
[PlyCount "92"]
[EventDate "2019.02.02"]

1. e4 c5 2. Nf3 d6 3. d4 cxd4 4. Nxd4 Nf6 5. Nc3 a6 6. Be2 e5 7. Nb3 Be7 8. Be3
Be6 9. Nd5 Nxd5 10. exd5 Bf5 11. c4 Nd7 12. Qd2 a5 13. a4 O-O 14. O-O Bg6 15. f4
exf4 16. Rxf4 Bg5 17. Rf2 Bxe3 18. Qxe3 Re8 19. Qc3 Qb6 20. Nd4 Re4 21. Rd1 Rae8
22. Bf3 Re3 23. Qc1 Nc5 24. Rfd2 Nd3 25. Rxd3 Bxd3 26. c5 dxc5 27. Nc2 Bxc2 28.
Qxc2 Re1+ 29. Rxe1 Rxe1+ 30. Kf2 Re8 31. Kf1 Qg6 32. Qd1 Qa6+ 33. Kf2 Qc4 34. d6
Qd4+ 35. Qxd4 cxd4 36. Bxb7 Rd8 37. Ke2 Rxd6 38. Kd3 Kf8 39. b3 Ke7 40. Be4 Kf6
41. Bf3 Ke5 42. h3 Rb6 43. Be2 Rxb3+ 44. Kc2 Ra3 45. Bb5 Ke4 46. Kb2 Rc3 0-1

[Event "Open Portugal 2019"]
[Site "Lisboa POR"]
[Date "2019.02.03"]
[Round "3.50"]
[White "Boucquet, Emile"]
[Black "Candeias, Humberto"]
[Result "0-1"]
[WhiteElo "2213"]
[BlackElo "1932"]
[WhiteFideId "233161"]
[BlackFideId "1903454"]
[WhiteCountry "BEL"]
[BlackCountry "POR"]
[PlyCount "66"]
[EventDate "2019.02.02"]

1. e4 e5 2. Nf3 Nc6 3. Bc4 Nf6 4. O-O Bc5 5. d3 d6 6. a4 a6 7. c3 h6 8. b4 Ba7
9. Qb3 O-O 10. Na3 Bg4 11. Nd2 Be2 12. Re1 Bh5 13. Nf1 Ng4 14. Ne3 Nxf2 15. Kxf2
Qh4+ 16. Kf1 Qxh2 17. Nac2 Kh8 18. d4 f5 19. exf5 exd4 20. Be6 d3 21. Nd4 Bxd4
22. Qd5 Bxc3 23. g4 Bxe1 24. Qg2 Qxg2+ 25. Kxg2 Bf7 26. Bb2 Bxb4 27. Rh1 Ne5 28.
Bxf7 Rxf7 29. g5 Kg8 30. Nd5 Bc5 31. g6 Nxg6 32. Nf6+ Rxf6 33. Bxf6 gxf6 0-1